00984nam a2200253 a 4500003000900000005001700009007000300026008004100029020001800070040002500088082001400113100003000127245008200157260004300239300002100282500007500303650004900378650004300427650004700470710007200517710004700589710003700636710005700673DO-SdBNP20251117093451.0ta220404e2015 dr ||||er|||| 001 edspa d a9789945083323 aDO-SdBNPbspacBNPHU 4222bM357d1 aMárquez, Carlos,b1953-10aDiplomacia competitiva:btiempos de integración y TLC. /cCarlos Márquez  a[Santo Domingo] :bSan Salvador,c2015 a302 p. ;c23 cm. aIncluye datos biográficos del autor en las solapas de las cubiertas. 4aDiplomaciavHistoriazRepública Dominicana 0aLibre comerciozRepública Dominicana 0aRelaciones exteriores xAmérica Latina2 aFundación de Estudios Empresariales y Sociedad para el Desarrollo2 aFundación Bienestar y Desarrollo Humano 2 aFundación Pepe Claudio Cabrera2 aFundación para la Educación y el Arte (EDUCARTE)